| 000 | 00679nam a2200217 a 4500 | ||
|---|---|---|---|
| 005 | 20210223132241.0 | ||
| 008 | 131209s2010 mx r 000 0 spa d | ||
| 020 | _a978848966551 | ||
| 035 | _aUPN01000194615 | ||
| 049 | _aCG | ||
| 050 | 4 |
_aHV792 A6 _bT4.7 |
|
| 100 | 1 |
_aTerrades, Toni _935765 |
|
| 245 | 1 | 0 |
_aSueños compartidos : _bhéroes desconocidos / _cToni Terrades. |
| 260 |
_aBarcelona, [Esp.] : _bRBA, _c2010. |
||
| 300 |
_a139 p. : _bil. |
||
| 650 | 4 |
_aNIÑOS - _xASISTENCIA SOCIAL - _zESPAÑA _923212 |
|
| 650 | 4 |
_aNIÑOS - _xBENEFICENCIA, PROTECCION, ETC. - _zESPAÑA _923211 |
|
| 650 | 4 |
_aNIÑOS - _xCONDUCTA DE VIDA _917303 |
|
| 905 | _aLibro | ||
| 999 |
_c166716 _d166716 |
||